(59) - 50 villes les plus peuplées du nord (59) - Statistiques

Statistiques générales
  • Ce quiz a été pris 365 fois
  • Le résultat moyen est 18 sur 50
Statistiques - réponses
nombre d'habitant ville % Correct
231 491 Lille
100%
95 866 Roubaix
94%
97 443 Tourcoing
88%
89 882 Dunkerque
87%
42 851 Valenciennes
78%
62 616 Villeneuve-d'Ascq
75%
41 189 Douai
70%
30 567 Maubeuge
61%
25 978 Armentières
57%
39 398 Marcq-en-Baroeul
56%
32 852 Cambrai
55%
20 650 Loos
47%
41 522 Wattrelos
47%
20 114 Croix
46%
21 737 Hazebrouck
43%
28 491 Lambersart
43%
20 549 Denain
41%
22 243 La Madeleine
41%
21 341 Mons-en-Baroeul
39%
20 990 Wasquehal
36%
12 571 Seclin
34%
18 570 Ronchin
30%
21 364 Grande-Synthe
29%
18 721 Hem
29%
16 653 Saint-Amand-les-Eaux
29%
14 389 Bailleul
27%
20 915 Halluin
27%
13 524 Roncq
27%
11 638 Gravelines
26%
12 581 Fourmies
25%
14 560 Haubourdin
25%
14 179 Wattignies
25%
17 497 Faches-Thumesnil
22%
13 309 Mouvaux
22%
13 092 Anzin
21%
12 564 Comines
19%
22 015 Coudekerque-Branche
19%
11 533 Saint-André-lez-Lille
19%
12 863 Somain
17%
14 789 Caudry
16%
11 335 Marly
16%
15 825 Sin-le-Noble
16%
10 294 Neuville-en-Ferrain
13%
12 682 Raismes
13%
11 108 Saint-Saulve
13%
13 437 Lys-lez-Lannoy
11%
10 964 Douchy-les-Mines
10%
14 271 Hautmont
10%
12 097 Bruay-sur-l'Escaut
5%
10 536 Aniche
2%
Aucun quiz correspondant
Distribution des résultats
% des personnes avec chaque résultat
Percentile par nombre de réponses
Votre historique - résultats
Vous n’avez pas pris ce quiz